Statistics for Complete The Lyrics by Sting

Click here to take the quiz!

General Stats

  • This quiz has been taken 50 times
  • The average score is 17 of 24

Answer Stats

Answer% Correct
But that's not the shape of my {heart}
93%
He don't {play} for respect
89%
And if I told you {that} I loved you
86%
He deals the {cards} as a meditation
86%
I'm not a man of too {many} faces
86%
He may lay the {Queen} of spades
84%
He deals the cards to {find} the answer
82%
He may conceal a {King} in his hand
82%
He may play the {Jack} of diamonds
82%
You'd maybe {think} there's something wrong
80%
He doesn't play for the {money} he wins
77%
And those he plays {never} suspect
75%
I know that the clubs are weapons of {war}
75%
I know that {diamonds} mean money for this art
73%
The mask I wear is {one}
70%
The numbers lead a {dance}
70%
I know that the spades are the {swords} of a soldier
66%
While the {memory} of it fades
59%
Like those who curse {their} luck in too many places
57%
And find out to their {cost}
55%
The {sacred} geometry of chance
50%
The hidden {law} of a probable outcome
48%
And those who {fear} a loss
34%
But those who {speak} know nothing
32%

Score Distribution

Percentile by Number Answered

Percent of People with Each Score

Your Score History

You have not taken this quiz